Gaming Quiz

Random Gaming or Grab Bag Quiz

Not the Obvious: Gaming Quiz Stats

Quiz Updated Aug 13, 2017

Challenge
Share
Tweet
Embed
Score 0/12 Timer 05:00
0 Plays Today
Category Answer % Correct
Original Monopoly PiecesTop Hat, Thimble, Shoe, Iron...
93.5%
Weapons in Clue(do)Candlestick, Knife, Lead Pipe, Wrench
89.3%
'Bop It Extreme 2' actionsTwist It, Flick It, Spin It, Pass It
71.7%
Non-number Uno cardsWild, Draw Two, Draw Four
67.9%
Yahtzee Categories3 of a kind, 4 of a kind, Small Straight, Large Straight...
64.6%
Operation PiecesWater on the Knee, Adam's Apple, Wish Bone...
57.7%
Electric Pokémon (Gen I)Zapdos, Voltorb, Magnemite...
54.3%
Words on 'Sorry!' Game BoardHome, Slide, Safety, Zone
37.7%
Diseases in 'Oregon Trail'Measles, Typhoid, Diphtheria
36.2%
Mario Kart 64 CoursesMoo Moo Farm, Mario Raceway, Toad's Turnpike...
30.7%
Candy Land CharactersGramma Nutt, Lord Licorice, Mr. Mint...
20.7%
Expansion Packs for Original 'The Sims' GameMakin' Magic, Unleashed, House Party...
11.1%

You're not logged in!

Compare scores with friends on all Sporcle quizzes.
Sign Up with Email
OR
Log In

You Might Also Like...

Show Comments

Extras

Top Quizzes Today


Score Distribution

Your Account Isn't Verified!

In order to create a playlist on Sporcle, you need to verify the email address you used during registration. Go to your Sporcle Settings to finish the process.